[Event "XVI Magistral A"]
[Site "Pamplona ESP"]
[Date "2006.12.27"]
[Round "5"]
[White "Morozevich,A"]
[Black "Jakovenko,D"]
[Result "1/2-1/2"]
[WhiteElo "2747"]
[BlackElo "2671"]

1.d4 Nf6 2.c4 e6 3.Nc3 Bb4 4.Qc2 c5 5.dxc5 O-O 6.a3 Bxc5 7.Nf3 b6 8.e4 Nc6
9.Bd3 Ng4 10.O-O Qc7 11.Nb5 Qb8 12.h3 Nge5 13.Nxe5 Nxe5 14.Be2 a6 15.Nc3 Qc7
16.Kh1 Bb7 17.f4 Nc6 18.Bd3 Nd4 19.Qd1 f5 20.b4 Be7 21.Bb2 fxe4 22.Bxe4 Nf5
23.Qd3 Bxe4 24.Nxe4 Rac8 25.Rac1 Qb7 26.Kh2 d5 27.cxd5 Qxd5 28.Qe2 Rxc1 29.Rxc1 Nd6
30.Rc7 Rf7 31.Nc3 Qf5 32.Bc1 b5 33.Rc6 Bf8 34.Rxa6 Rc7 35.Bd2 Nc4 36.Be1 Rd7
37.Nxb5 Nd6 38.Nc3 Qxf4+ 39.Bg3 Qc4 40.Ra8 Qxe2 41.Nxe2 Kf7 42.Nd4 Nc4 43.Nc6 Bd6
44.Bxd6 Rxd6 45.b5 Rd5 46.a4 e5 47.Ra7+ Ke6 48.Rxg7 Kd6 49.Rxh7 e4 50.Rh4 Nd2
51.Rh6+ Kc5 52.Re6 e3 53.g4 Rd3 54.Kg3 Ra3 55.Kf4 Nf1 56.Re4 Ra2 57.Nd4 Rf2+
58.Ke5 Nd2 59.Ne6+ Kb6 60.Rxe3 Nc4+ 61.Kd4 Nxe3 62.Kxe3 Ra2 63.g5 Ra3+ 64.Kf4 Rxh3
65.g6 Rh8 66.g7 Rg8 67.Ke5 Ka5 68.Kf6 Kxa4 69.Nd4 Rd8 70.Ke7 Rxd4 71.g8=Q Kxb5
72.Qc8 Rd5 73.Ke6 Rd4 74.Ke5 Rd3 75.Qc2 Rd8 76.Qb3+ Kc5 77.Qc3+ Kb5 78.Ke6 Kb6
79.Qc4 Rg8 80.Qd4+ Kc6 81.Qc3+ Kb5 82.Kd6 Rg6+ 83.Kc7 Rg4 84.Qc6+ Kb4 85.Qd6+ Kc3
86.Kc6 Rd4 87.Qa3+ Kd2 88.Kc5 Re4 89.Kd5 Rg4 90.Qf3 Rb4 91.Kc5 Ra4 92.Qf6 Kd3
93.Qd6+ Ke3 94.Qg3+ Ke2 95.Qc3 Rf4 96.Kd5 Rg4 97.Ke5 Rh4 98.Kf5 Kf2 99.Qd3 Rh7
100.Qd4+ Kf3 101.Kg5 Rh2 102.Qf4+ Kg2 103.Kg4 Kg1 104.Qd4+ Kg2 105.Qd3 Kg1
106.Qe3+ Kf1 107.Qc1+ Kf2 108.Qd2+ Kg1 109.Qe1+ Kg2 110.Qg3+ Kh1 111.Kf3 Rf2+
112.Ke3 Re2+ 113.Kd3 Rd2+ 114.Kxd2  1/2-1/2

[Event "XVI Magistral A"]
[Site "Pamplona ESP"]
[Date "2006.12.28"]
[Round "6"]
[White "Illescas Cordoba,M"]
[Black "Morozevich,A"]
[Result "0-1"]
[WhiteElo "2620"]
[BlackElo "2747"]

1.d4 Nf6 2.c4 e6 3.Nf3 b6 4.g3 Bb7 5.Bg2 Be7 6.Nc3 Ne4 7.Bd2 f5 8.d5 Bf6
9.Qc2 Qe7 10.Rd1 Na6 11.a3 Bxc3 12.Bxc3 exd5 13.Nh4 O-O 14.cxd5 Rae8 15.Bd4 c5
16.dxc6 dxc6 17.Bxe4 fxe4 18.Qb3+ Kh8 19.Qe3 Nc7 20.Bc3 c5 21.Ng2 Nd5 22.Rxd5 Bxd5
23.Nf4 Bf7 24.h4 Kg8 25.b4 Rd8 26.O-O Rd7 27.Rc1 Rfd8 28.Kg2 Rd1 29.Rxd1 Rxd1
30.Nd3 cxb4 31.axb4 h6 32.Ne5 Bd5 33.Ng6 Qf7 34.h5 Kh7 35.g4 Bb7 36.Be5 Bc8
37.Kh3 Rg1 38.Bg3 Qd5 39.Kh2 Rd1 40.Ne7 Qe6 41.Nxc8 Qxg4 42.Kg2 Qxc8 43.Qxe4+ Kg8
44.Be5 Qd8 45.f3 Qg5+ 46.Bg3 Qxh5 47.Qc4+ Qd5 48.Qc8+ Kh7 49.Qc2+ Kh8 50.Be5 Rd2
51.Qc8+ Kh7 52.Qf5+ g6  0-1

[Event "1st ACP World Rapid Cup"]
[Site "Odessa UKR"]
[Date "2007.01.06"]
[Round "1.2"]
[White "Morozevich,A"]
[Black "Harikrishna,P"]
[Result "0-1"]
[WhiteElo "2741"]
[BlackElo "2673"]

1.e4 e5 2.Nf3 Nc6 3.Bb5 a6 4.Ba4 Nf6 5.O-O Be7 6.d3 d6 7.c3 O-O 8.Nbd2 b5
9.Bc2 Bb7 10.Re1 Re8 11.d4 Bf8 12.b3 d5 13.exd5 Nxd5 14.dxe5 Nxc3 15.Bxh7+ Kxh7
16.Qc2+ Kg8 17.Qxc3 Nb4 18.e6 Rxe6 19.Rxe6 fxe6 20.Ne1 Qf6 21.Bb2 Qxc3 22.Bxc3 Rd8
23.Ndf3 Nd5 24.Be5 c5 25.Ng5 c4 26.bxc4 bxc4 27.Rc1 c3 28.Ne4 c2 29.Rxc2 Nb4
30.Re2 Rd1 31.Bc3 Nd3 32.Ng5 Bd5 33.h4 Bc5 34.Nh3 e5 35.Kh2 e4 36.Nxd3 exd3
37.Rd2 Bd6+ 38.f4 Rxd2 39.Bxd2 Bxa2 40.Nf2 Bc4 41.Kg3 Bc7 42.Kf3 Bb6 43.Bc3 a5
44.f5 a4 45.Nd1 Bd5+ 46.Kf4 a3 47.Ne3 Bb3 48.Ke4 Bc2 49.Kf3 a2 50.Nc4 Bc5
51.Ba1 Bb3 52.Nd2 Bd5+ 53.Kf4 Be7 54.Ke5 Bf7  0-1

[Event "1st ACP World Rapid Cup"]
[Site "Odessa UKR"]
[Date "2007.01.06"]
[Round "1.3"]
[White "Morozevich,A"]
[Black "Harikrishna,P"]
[Result "1-0"]
[WhiteElo "2741"]
[BlackElo "2673"]

1.Nf3 Nf6 2.g3 d5 3.Bg2 c6 4.d3 Bg4 5.h3 Bh5 6.g4 Bg6 7.Ne5 Nbd7 8.Nxg6 hxg6
9.e3 e6 10.Nd2 Bd6 11.Qe2 a5 12.a3 a4 13.f4 Qe7 14.O-O e5 15.f5 gxf5 16.Rxf5 g6
17.Rf2 e4 18.dxe4 Nxe4 19.Nxe4 dxe4 20.Qc4 f5 21.gxf5 gxf5 22.Rxf5 O-O-O
23.Qxe4 Be5 24.Bd2 Rxh3 25.Rxe5 Nxe5 26.Bxh3+ Kb8 27.Bc3 Qg5+ 28.Bg2 Ng6
29.Rf1 Qh5 30.Qf3 Qh6 31.Qg3+ Ka8 32.Bd4 Nh4 33.Rf2 Nxg2 34.Rxg2 Qe6 35.Qg5 Re8
36.Qa5+ Kb8 37.Qa7+ Kc7 38.Qxa4 Qf5 39.Rg7+ Kd6 40.Qb4+ Ke6 41.Qxb7 Qd5 42.Qf7+  1-0

[Event "1st ACP World Rapid Cup"]
[Site "Odessa UKR"]
[Date "2007.01.06"]
[Round "1.5"]
[White "Morozevich,A"]
[Black "Harikrishna,P"]
[Result "1-0"]
[WhiteElo "2741"]
[BlackElo "2673"]

1.e4 e5 2.Nf3 Nc6 3.Bb5 a6 4.Ba4 Nf6 5.O-O Be7 6.Re1 b5 7.Bb3 O-O 8.c3 d5
9.exd5 Nxd5 10.a4 b4 11.a5 Bf6 12.h3 Bf5 13.d4 exd4 14.cxd4 Be6 15.Qd3 Re8
16.Nbd2 Nf4 17.Qc2 Nxd4 18.Nxd4 Qxd4 19.Bxe6 Rxe6 20.Rxe6 Nxe6 21.Qc6 Rd8
22.Qxa6 Nf4 23.Nf1 Qe4 24.Bxf4 Qxf4 25.Qe2 Bd4 26.a6 Ba7 27.Ne3 g6 28.Rc1 Re8
29.Rc4 Qd6 30.Rc2 Re6 31.Qf3 Bxe3 32.fxe3 Qxa6 33.Rxc7 Rf6 34.Qd5 Qa1+ 35.Kh2 Qxb2
36.e4 Re6 37.Rc5 Qf6 38.Qd2 Rxe4 39.Rd5 Qf4+ 40.Qxf4 Rxf4 41.Rb5 Rc4 42.Kg3 f5
43.Kf3 h5 44.Ke2 h4 45.Kd3  1-0

[Event "1st ACP World Rapid Cup"]
[Site "Odessa UKR"]
[Date "2007.01.06"]
[Round "1.1"]
[White "Harikrishna,P"]
[Black "Morozevich,A"]
[Result "0-1"]
[WhiteElo "2673"]
[BlackElo "2741"]

1.d4 Nf6 2.Nf3 d6 3.Bg5 Nbd7 4.Nbd2 e5 5.e4 Be7 6.Bd3 h6 7.Bh4 O-O 8.O-O exd4
9.Nxd4 Nc5 10.Re1 Re8 11.Bg3 Bf8 12.h3 g6 13.Bh4 Bg7 14.Qf3 Bd7 15.Bc4 Qe7
16.c3 Qe5 17.b4 Na4 18.Bb3 Qh5 19.Qxh5 Nxh5 20.Rac1 Nf4 21.Re3 c5 22.bxc5 dxc5
23.Ne2 Nxe2+ 24.Rxe2 Nxc3 25.Re3 g5 26.Bg3 Nb5 27.Rxc5 Bd4 28.Rd3 Bxc5 29.Rxd7 Re7
30.Rd3 Nd4 31.Bd1 Rd8 32.e5 f5 33.Kf1 f4 34.Ne4 Rxe5  0-1

[Event "1st ACP World Rapid Cup"]
[Site "Odessa UKR"]
[Date "2007.01.06"]
[Round "1.5"]
[White "Morozevich,A"]
[Black "Harikrishna,P"]
[Result "1-0"]
[WhiteElo "2741"]
[BlackElo "2673"]

1.e4 e5 2.Nf3 Nc6 3.Bb5 a6 4.Ba4 Nf6 5.O-O Be7 6.Re1 b5 7.Bb3 O-O 8.c3 d5
9.exd5 Nxd5 10.a4 b4 11.a5 Bf6 12.h3 Bf5 13.d4 exd4 14.cxd4 Be6 15.Qd3 Re8
16.Nbd2 Nf4 17.Qc2 Nxd4 18.Nxd4 Qxd4 19.Bxe6 Rxe6 20.Rxe6 Nxe6 21.Qc6 Rd8
22.Qxa6 Nf4 23.Nf1 Qe4 24.Bxf4 Qxf4 25.Qe2 Bd4 26.a6 Ba7 27.Ne3 g6 28.Rc1 Re8
29.Rc4 Qd6 30.Rc2 Re6 31.Qf3 Bxe3 32.fxe3 Qxa6 33.Rxc7 Rf6 34.Qd5 Qa1+ 35.Kh2 Qxb2
36.e4 Re6 37.Rc5 Qf6 38.Qd2 Rxe4 39.Rd5 Qf4+ 40.Qxf4 Rxf4 41.Rb5 Rc4 42.Kg3 f5
43.Kf3 h5 44.Ke2 h4 45.Kd3 Rc3+ 46.Kd4 Rb3 47.Ke5 Rg3 48.Kf6 Kh7 49.Rb8 Kh6  1-0

[Event "1st ACP World Rapid Cup"]
[Site "Odessa UKR"]
[Date "2007.01.07"]
[Round "2.1"]
[White "Morozevich,A"]
[Black "Radjabov,T"]
[Result "0-1"]
[WhiteElo "2741"]
[BlackElo "2729"]

1.e4 c5 2.Nf3 Nc6 3.Bb5 e6 4.c3 d5 5.Qe2 Nf6 6.Ne5 Qc7 7.exd5 Nxd5 8.Bxc6+ bxc6
9.d3 Bd6 10.Nc4 O-O 11.Nxd6 Qxd6 12.Na3 Ba6 13.O-O Rad8 14.Nc4 Nf4 15.Bxf4 Qxf4
16.Rfd1 Rd5 17.Na5 Qc7 18.Nb3 Re5 19.Qf3 Rf5 20.Qe3 Qb6 21.c4 Bc8 22.Rd2 h6
23.h3 a5 24.d4 cxd4 25.Nxd4 Rg5 26.Re1 Rg6 27.Nf3 Qxe3 28.Rxe3 f6 29.Nd4 Rg5
30.Nxc6 Kh7 31.Rd8 Rxd8 32.Nxd8 Rc5 33.b3 e5 34.Nf7 Rc6 35.Rd3 Bf5 36.Rd2 Bb1
37.Nd6 e4 38.Nb5 f5 39.Nc3 Bd3 40.f3 Re6 41.fxe4 fxe4 42.Rd1 Kg6 43.Nd5 Kg5
44.Kf2 a4 45.Rd2 Re8 46.Ke3 axb3 47.axb3 Rb8 48.Nc3 Kf5 49.Nb5 Ke5 50.Nd4 Rb6
51.Rf2 g6 52.Ra2 Kf6 53.c5 Rb8 54.Ra4 g5 55.b4 Rc8 56.c6 Ke5 57.Ra5+ Kd6
58.Rc5 Kc7 59.Nf5 Rb8 60.Ne7 Bf1 61.Nd5+ Kd6 62.c7 Rc8 63.g3 Bxh3 64.b5 Kxc5  0-1

[Event "XXIV SuperGM"]
[Site "Morelia/Linares MEX/ESP"]
[Date "2007.02.21"]
[Round "4"]
[White "Anand,V"]
[Black "Morozevich,A"]
[Result "1-0"]
[WhiteElo "2779"]
[BlackElo "2741"]

1.e4 e5 2.Nf3 Nc6 3.Bb5 a6 4.Ba4 Nf6 5.O-O Be7 6.Re1 b5 7.Bb3 d6 8.c3 O-O
9.h3 Nb8 10.d4 Nbd7 11.Nbd2 Bb7 12.Bc2 Re8 13.Nf1 Bf8 14.Ng3 c6 15.Nf5 Qc7
16.dxe5 dxe5 17.Nh2 c5 18.Qf3 c4 19.Bg5 Re6 20.Rad1 Nc5 21.Bxf6 Rxf6 22.Ng4 Re6
23.Nge3 Qa5 24.a3 g6 25.Nd5 Rd8 26.Qg3 Rd7 27.Nfe3 Qd8 28.Qf3 Bg7 29.a4 Red6
30.axb5 axb5 31.g4 Qh4 32.Ra1 Ne6 33.Qg3 Qxg3+ 34.fxg3 Nc5 35.h4 h6 36.Ra5 Bc6
37.Nb4 Bxe4 38.Bxe4 Nxe4 39.Rxb5 Nd2 40.Kg2 e4 41.Re2 Bf8 42.Ned5 e3 43.Nxe3 Re6
44.Nbd5 Nb3 45.Nf4 Rc6 46.Nxc4 Rxc4 47.Rxb3 Kg7 48.Rb5 Bc5 49.g5 hxg5 50.hxg5 Be7
51.Kf3 Bd8 52.Re4 Rc6 53.Kg4 Rd2 54.Rd5 Rxd5 55.Nxd5 Re6 56.Rxe6 fxe6 57.Nf4 Kf7
58.Nd3 Bc7 59.Kf3  1-0

[Event "XXIV SuperGM"]
[Site "Morelia/Linares MEX/ESP"]
[Date "2007.02.25"]
[Round "7"]
[White "Topalov,V"]
[Black "Morozevich,A"]
[Result "1-0"]
[WhiteElo "2783"]
[BlackElo "2741"]

1.e4 e6 2.d4 d5 3.Nc3 Nf6 4.e5 Nfd7 5.f4 c5 6.Nf3 Nc6 7.Be3 a6 8.Ne2 Qb6
9.Qc1 g5 10.c3 cxd4 11.cxd4 Bb4+ 12.Kf2 f6 13.g3 Rf8 14.Kg2 g4 15.Nh4 Rg8
16.h3 h5 17.hxg4 hxg4 18.Nc3 fxe5 19.fxe5 Ncxe5 20.dxe5 d4 21.Na4 Qa5 22.Qc4 Nxe5
23.Qxd4 Nf3 24.Nxf3 gxf3+ 25.Kf2 Qxa4 26.Bd3 Qd7 27.Qe4 Bd6 28.Rag1 Qg7 29.Rh6 Qxb2+
30.Kxf3 Rf8+ 31.Bf4 Qe5 32.Qg6+ Kd8 33.Kg2 Qb2+ 34.Kh1 Bxf4 35.gxf4 Bd7 36.Be4 Kc7
37.Rb1 Qf2 38.Rxb7+ Kc8 39.Rb1 Ra7 40.f5 Rc7 41.fxe6 Be8 42.Qg5 Qd4 43.Bg2 Rf4
44.e7 Rc5 45.Qg3 Rc3 46.Qe1 Re3 47.Qa5 Bb5 48.Rc1+  1-0

[Event "XXIV SuperGM"]
[Site "Morelia/Linares MEX/ESP"]
[Date "2007.03.02"]
[Round "8"]
[White "Morozevich,A"]
[Black "Carlsen,M"]
[Result "1/2-1/2"]
[WhiteElo "2741"]
[BlackElo "2690"]

1.e4 e5 2.Nf3 Nc6 3.Bb5 a6 4.Ba4 Nf6 5.O-O Nxe4 6.d4 b5 7.Bb3 d5 8.dxe5 Be6
9.c3 Be7 10.a4 Nc5 11.axb5 Nxb3 12.Qxb3 axb5 13.Rxa8 Qxa8 14.Qxb5 O-O 15.Nbd2 Rd8
16.Qd3 Qb7 17.Nd4 Nxe5 18.Qe2 Bf6 19.Nxe6 fxe6 20.f4 Qb6+ 21.Kh1 Nf7 22.Nf3 c5
23.g4 Re8 24.g5 Bd8 25.f5 e5 26.c4 Qa6 27.Re1 e4 28.cxd5 Qxe2 29.Rxe2 Nd6
30.Nh4 h6 31.Bf4 Nb5 32.d6 Nd4 33.Rg2 Bxg5 34.Bxg5 hxg5 35.Rxg5 Kf7 36.Rg3 Nb5
37.Rg6 Rd8 38.Re6 Nxd6 39.Re5 c4 40.Rd5 Kf6 41.Ng2 Ke7 42.Ne3  1/2-1/2

[Event "XXIV SuperGM"]
[Site "Morelia/Linares MEX/ESP"]
[Date "2007.03.07"]
[Round "12"]
[White "Ivanchuk,V"]
[Black "Morozevich,A"]
[Result "0-1"]
[WhiteElo "2750"]
[BlackElo "2741"]

1.e4 e5 2.Nf3 Nc6 3.d4 exd4 4.Nxd4 Bc5 5.Nb3 Bb6 6.Nc3 Nf6 7.Bg5 h6 8.Bh4 d6
9.Qe2 O-O 10.O-O-O Re8 11.f3 Be6 12.Kb1 a5 13.Bf2 a4 14.Nc5 a3 15.Nxe6 Rxe6
16.Bxb6 cxb6 17.Qd2 axb2 18.Bc4 Re5 19.Bb3 Rc5 20.Na4 Rca5 21.Nc3 Ne8 22.Nd5 Ne5
23.Qd4 Nd7 24.Rd2 Nc5 25.Rhd1 Nxb3 26.axb3 Nc7 27.Nxc7 Qxc7 28.Qxb2 b5 29.Rxd6 b4
30.Rd7 Qxh2 31.Rxb7 Qxg2 32.Rxb4 Qxf3 33.Rbd4 Kh7 34.b4 Ra4 35.e5 Qe2 36.R4d3 h5
37.b5 Ra1+ 38.Qxa1 Rxa1+ 39.Kxa1 Qxe5+  0-1

[Event "XXIV SuperGM"]
[Site "Morelia/Linares MEX/ESP"]
[Date "2007.03.10"]
[Round "14"]
[White "Svidler,P"]
[Black "Morozevich,A"]
[Result "0-1"]
[WhiteElo "2728"]
[BlackElo "2741"]

1.e4 e6 2.d4 d5 3.Nc3 Nf6 4.e5 Nfd7 5.f4 c5 6.Nf3 Nc6 7.Be3 a6 8.Qd2 b5 9.a3 Bb7
10.dxc5 Bxc5 11.Bxc5 Nxc5 12.Bd3 b4 13.Ne2 Qb6 14.Qe3 d4 15.Nfxd4 Nxd4 16.Qxd4 bxa3
17.Rxa3 Rd8 18.Qe3 Qxb2 19.Qxc5 Qb1+ 20.Kd2 Qxh1 21.Nc3 Qxh2 22.Ra4 Qxg2+
23.Kc1 Rc8 24.Qb4 Qg1+ 25.Nd1 Bf3 26.Rxa6 Qc5 27.Qa4+ Kf8 28.Ra5 Qg1  0-1

[Event "Amber Rapid"]
[Site "Monte Carlo MNC"]
[Date "2007.03.17"]
[Round "1"]
[White "Anand,V"]
[Black "Morozevich,A"]
[Result "1/2-1/2"]
[WhiteElo "2779"]
[BlackElo "2741"]

1.e4 e6 2.d4 d5 3.Nc3 Nf6 4.Bg5 Bb4 5.e5 h6 6.Bd2 Bxc3 7.bxc3 Ne4 8.Qg4 g6
9.Bd3 Nxd2 10.Kxd2 Qe7 11.h4 Nd7 12.Rh3 a6 13.Rf3 Rg8 14.Qf4 g5 15.hxg5 hxg5
16.Qg4 f5 17.Qh5+ Kd8 18.g4 f4 19.Rh3 c5 20.Nf3 c4 21.Qh7 Qxh7 22.Bxh7 Rg7
23.Rh5 Nf8 24.Rah1 b5 25.Rxg5 Raa7 26.Bg8 Rxg5 27.Nxg5 Rg7 28.Nf7+ Ke7 29.Nd6 Bd7
30.Rh8 Rxg4 31.Bf7 Rg7 32.Bh5 Rh7 33.Rxh7+ Nxh7 34.Kc1 Ng5 35.f3 Bc6 36.Kb2  1/2-1/2

[Event "Amber Rapid"]
[Site "Monte Carlo MNC"]
[Date "2007.03.18"]
[Round "2"]
[White "Morozevich,A"]
[Black "Ivanchuk,V"]
[Result "1/2-1/2"]
[WhiteElo "2741"]
[BlackElo "2750"]

1.e4 c5 2.Nf3 d6 3.d4 cxd4 4.Nxd4 Nf6 5.Nc3 a6 6.f3 e5 7.Nb3 Be6 8.Be3 Nbd7
9.Qd2 h5 10.O-O-O Be7 11.Kb1 Qc7 12.Bd3 b5 13.h3 h4 14.f4 Nb6 15.Qf2 Rb8
16.Rhe1 Nc4 17.fxe5 dxe5 18.Bc5 O-O 19.Bxe7 Qxe7 20.Qxh4 Rfc8 21.Qg3 Na3+
22.Ka1 Rxc3 23.bxc3 Qc7 24.Kb2 Nc4+ 25.Kc1 Nb6 26.Bf1 Rc8 27.Re3 Na4 28.Rd2 Nd7
29.Be2 Ndb6 30.Bg4 Nc4 31.Bxe6 fxe6 32.Red3 Nxd2 33.Kxd2 Nb2 34.Rf3 Rd8+
35.Kc1 Nc4 36.Qg5 Qb6 37.Rf1 Rd7 38.Qg6 Qe3+ 39.Kb1 Na3+ 40.Kb2 Nc4+ 41.Kb1  1/2-1/2

[Event "Amber Blindfold"]
[Site "Monte Carlo MNC"]
[Date "2007.03.18"]
[Round "2"]
[White "Ivanchuk,V"]
[Black "Morozevich,A"]
[Result "1/2-1/2"]
[WhiteElo "2750"]
[BlackElo "2741"]

1.d4 d5 2.c4 c6 3.Nf3 Nf6 4.Nc3 e6 5.Bg5 h6 6.Bxf6 Qxf6 7.e3 Nd7 8.Bd3 g6
9.cxd5 exd5 10.O-O Bg7 11.b4 a6 12.a4 O-O 13.b5 a5 14.Rb1 Rd8 15.Qc2 Qd6
16.e4 c5 17.e5 Qe6 18.Nxd5 Nxe5 19.dxe5 Qxd5 20.Be4 Bf5 21.Bxf5 gxf5 22.Qxf5 c4
23.Qc2 Qd3 24.Rfc1 Rac8 25.Qxd3 Rxd3 26.Kf1 f6 27.e6 f5 28.Rd1 Rxd1+ 29.Rxd1 c3
30.e7 Re8 31.Rd7 b6 32.Ke2 Kf7 33.Nd4 Bxd4 34.Rxd4 Rxe7+ 35.Kd3 Rc7 36.Kc2 Ke6
37.Rh4 Ke5 38.g3 Kd5 39.Rxh6 Rc4 40.Rh4 Rc8 41.h3 Ke5 42.Rf4 Rc7 43.h4 Rc8
44.h5 Kf6 45.Rh4 Kg7 46.h6+ Kh7 47.f3 Rc5 48.Rh5 Rc4 49.Rxf5 Rxa4 50.Rf6 Rb4
51.g4 Rxb5 52.f4 a4 53.g5 a3 54.Rf7+ Kg6 55.Rg7+ Kf5 56.Ra7 Rb2+ 57.Kxc3 Rh2
58.Rf7+ Ke4 59.g6 a2 60.Ra7 Rxh6 61.g7 Rg6 62.Rxa2 Rxg7  1/2-1/2

[Event "Amber Rapid"]
[Site "Monte Carlo MNC"]
[Date "2007.03.19"]
[Round "3"]
[White "Kramnik,V"]
[Black "Morozevich,A"]
[Result "1/2-1/2"]
[WhiteElo "2766"]
[BlackElo "2741"]

1.d4 e6 2.c4 b6 3.Nf3 Bb7 4.g3 Bb4+ 5.Bd2 Bxf3 6.exf3 Bxd2+ 7.Qxd2 Ne7 8.d5 c5
9.dxc6 dxc6 10.Qxd8+ Kxd8 11.Nc3 Kc7 12.O-O-O Nd7 13.f4 Rad8 14.Ne4 h6 15.Bg2 Nb8
16.c5 Rd5 17.b4 Nd7 18.cxb6+ axb6 19.Nc3 Rxd1+ 20.Rxd1 Nd5 21.Nxd5+ exd5
22.b5 Nf6 23.bxc6 Kxc6 24.Bf3 Kd6 25.Rd3 Rc8+ 26.Kd2 Ra8 27.a3 Ra4 28.Rb3 Kc5
29.Rc3+ Rc4 30.Re3 Kd6 31.Rb3 Rc6 32.Rb5 Kc7 33.g4 Rd6 34.g5 Kc6 35.Rb3 Nd7
36.Re3 Nc5 37.Re7 Rd7 38.Re8 Kb5 39.Rg8 hxg5 40.fxg5 g6 41.h4 d4 42.Rc8 Kc4
43.h5 gxh5 44.Bxh5 d3 45.g6 fxg6 46.Bxg6 Rd6 47.Bf7+ Kd4 48.f3 Rd7 49.Bg8 Rg7
50.Rd8+ Nd7 51.Bb3 b5 52.f4 Ke4 53.Re8+ Kxf4 54.Kxd3 Nc5+ 55.Kc3 Rg3+ 56.Kb4 Nxb3
57.Kxb5 Nd4+ 58.Kc4 Nf5 59.Kb4 Nd6 60.Re6 Ne4 61.a4 Rg1 62.a5 Ra1 63.a6 Kf5
64.Rh6 Ke5 65.Rh5+ Kd4 66.Kb5 Nc3+ 67.Kb6 Nd5+ 68.Rxd5+ Kxd5 69.a7 Kd6 70.Kb7  1/2-1/2

[Event "Amber Rapid"]
[Site "Monte Carlo MNC"]
[Date "2007.03.20"]
[Round "4"]
[White "Morozevich,A"]
[Black "Van Wely,L"]
[Result "1-0"]
[WhiteElo "2741"]
[BlackElo "2683"]

1.Nf3 Nf6 2.g3 g6 3.c4 Bg7 4.Nc3 O-O 5.Bg2 d5 6.cxd5 Nxd5 7.h4 h6 8.O-O c6
9.d4 Bg4 10.Qb3 Nb6 11.Rd1 N8d7 12.Bf4 a5 13.Rac1 a4 14.Qb4 Bxf3 15.Bxf3 e6
16.Bd6 Re8 17.Ne4 Bf8 18.Bc5 Qc7 19.Bxb6 Nxb6 20.Nf6+ Kh8 21.Nxe8 Rxe8 22.Qa5 Kg8
23.e4 Ra8 24.Qc3 Bg7 25.Qc2 Qd8 26.Kg2 h5 27.Qd2 Qd6 28.Rc2 Bh8 29.Qg5 Bg7
30.Qc5 Qd8 31.d5 cxd5 32.exd5 e5 33.Qc7 f5 34.d6 e4 35.Be2 Rc8 36.Qe7 Bf6
37.Qe6+ Kg7 38.Rxc8 Qxc8 39.Qxc8  1-0

[Event "Amber Blindfold"]
[Site "Monte Carlo MNC"]
[Date "2007.03.20"]
[Round "4"]
[White "Van Wely,L"]
[Black "Morozevich,A"]
[Result "1-0"]
[WhiteElo "2683"]
[BlackElo "2741"]

1.d4 Nf6 2.c4 g6 3.Nc3 Bg7 4.e4 d6 5.Nf3 O-O 6.Be2 e5 7.O-O Nc6 8.d5 Ne7
9.b4 a5 10.Ba3 axb4 11.Bxb4 Nd7 12.a4 Bh6 13.a5 f5 14.Bd3 Rf7 15.Re1 Nf6
16.c5 fxe4 17.Nxe4 Nexd5 18.Bc4 Nxb4 19.cxd6 Nfd5 20.Bxd5 Nxd5 21.Qxd5 c6
22.Qb3 Rxa5 23.Rxa5 Qxa5 24.d7 Bxd7 25.Nd6 Qd5 26.Qxd5 cxd5 27.Nxf7 Kxf7
28.Nxe5+ Ke7 29.Ng4+ Kd6 30.Nxh6 b5 31.Nf7+ Kc5 32.Ne5 Bf5 33.g4  1-0

[Event "Amber Rapid"]
[Site "Monte Carlo MNC"]
[Date "2007.03.22"]
[Round "5"]
[White "Radjabov,T"]
[Black "Morozevich,A"]
[Result "1-0"]
[WhiteElo "2729"]
[BlackElo "2741"]

1.d4 Nf6 2.c4 g6 3.Nc3 Bg7 4.e4 d6 5.h3 Nbd7 6.Nf3 e5 7.d5 Nc5 8.Qc2 a5 9.Be3 O-O
10.g4 Ne8 11.Rg1 Kh8 12.O-O-O f5 13.gxf5 gxf5 14.h4 Na6 15.a3 f4 16.Bd2 Nf6
17.Re1 Bd7 18.Rh1 Ng4 19.Re2 Nc5 20.Bh3 a4 21.Kb1 Nb3 22.Rg1 Nh2 23.Nxh2 Bxh3
24.Qd3 Qd7 25.Ree1 Bf6 26.Nf3 Nc5 27.Qc2 Bg4 28.Ng5 h6 29.Ne6 Nxe6 30.Rxg4 Nd4
31.Qd1 Rg8 32.Reg1 Rxg4 33.Rxg4 Rg8 34.Rxg8+ Kxg8 35.h5 Kf7 36.Ka2 Ke7 37.Nxa4 Qh3
38.Bb4 b6 39.Nc3 Bh4 40.Qa4 Bxf2 41.Qa8 f3 42.Qh8 Qxh5 43.Nd1 Bh4 44.Qc8 Qe8
45.Qxc7+ Kf6 46.Qxd6+ Kg5 47.Bd2+ Kg4 48.Qxh6 f2 49.Qxb6 Kf3 50.Nxf2 Bxf2
51.c5 Qa4 52.Qb4 Qc2 53.Qc3+ Qxc3 54.bxc3 Nb5 55.c4 Kxe4 56.cxb5 Bxc5 57.Kb3 Kxd5
58.a4 e4 59.a5 Bf2 60.a6 Kd6 61.Bf4+ Kd5 62.Bc7 Bc5 63.Bb8 e3 64.a7 Bxa7
65.Bxa7  1-0

[Event "Amber Blindfold"]
[Site "Monte Carlo MNC"]
[Date "2007.03.22"]
[Round "5"]
[White "Morozevich,A"]
[Black "Radjabov,T"]
[Result "1/2-1/2"]
[WhiteElo "2741"]
[BlackElo "2729"]

1.Nc3 d5 2.e4 dxe4 3.Nxe4 Bf5 4.Ng3 Bg6 5.Nf3 Nf6 6.d4 e6 7.c3 Nbd7 8.Be2 Bd6
9.O-O c6 10.Re1 Qc7 11.Nd2 O-O 12.Nc4 Be7 13.Bf3 Rad8 14.Qb3 b5 15.Nd2 Rfe8
16.a4 a6 17.axb5 axb5 18.Ra6 Nb8 19.Ra8 Nbd7 20.Rxd8 Rxd8 21.h4 h6 22.h5 Bh7
23.Nde4 Nd5 24.Nf1 N7b6 25.g3 Qa7 26.Ne3 Nxe3 27.fxe3 Qc7 28.Kg2 Nc4 29.Nd2 Nxd2
30.Bxd2 Bd6 31.c4 Bxg3 32.Rh1 Bd6 33.c5 Bxc5 34.Rc1 Bd6 35.Rxc6 Qb8 36.Ba5 Bh2
37.Be1 Bd6 38.Ba5 Bh2 39.Be1 Bd6  1/2-1/2

[Event "Amber Rapid"]
[Site "Monte Carlo MNC"]
[Date "2007.03.23"]
[Round "6"]
[White "Gelfand,B"]
[Black "Morozevich,A"]
[Result "1/2-1/2"]
[WhiteElo "2733"]
[BlackElo "2741"]

1.d4 Nf6 2.c4 g6 3.Nc3 Bg7 4.e4 d6 5.Nf3 O-O 6.Be2 e5 7.O-O Nc6 8.d5 Ne7
9.Nd2 Nd7 10.b4 a5 11.bxa5 Rxa5 12.Nb3 Ra8 13.Be3 f5 14.f3 b6 15.a4 Nc5 16.a5 Bd7
17.Qc2 fxe4 18.fxe4 Rxf1+ 19.Bxf1 Kh8 20.Nxc5 dxc5 21.Qb2 Qb8 22.axb6 Rxa1
23.Qxa1 cxb6 24.Qb2 Qc7 25.Nb5 Qb8 26.Bg5 Nc8 27.Bd8 Bxb5 28.Qxb5 Qd6 29.Bc7 Qe7
30.Qc6 Bf8 31.g3 Qg5 32.Qe6 Qe3+ 33.Kg2 Qxe4+ 34.Kf2 Qf5+ 35.Qxf5 gxf5 36.Bxe5+ Kg8
37.Kf3 Nd6 38.Bd3 Kf7 39.g4 fxg4+ 40.Kxg4 Ne8 41.Bc2 h6 42.h3 Bd6 43.Bc3 Bf8
44.Bd2 Kf6 45.Kh5 Nd6 46.Bd3 Ke5 47.Bxh6 Bxh6 48.Kxh6 Kd4 49.Bf1 b5 50.cxb5 c4
51.Bxc4 Kxc4 52.h4 Kxd5 53.Kg6 Nxb5 54.h5 Nd4 55.h6 Ne6 56.Kf6 Nf8 57.Kg7 Ne6+
58.Kf7 Ke5  1/2-1/2

[Event "Amber Blindfold"]
[Site "Monte Carlo MNC"]
[Date "2007.03.23"]
[Round "6"]
[White "Morozevich,A"]
[Black "Gelfand,B"]
[Result "1/2-1/2"]
[WhiteElo "2741"]
[BlackElo "2733"]

1.Nf3 Nf6 2.g3 d5 3.Bg2 c6 4.d3 Bg4 5.h3 Bxf3 6.Bxf3 Nbd7 7.O-O e5 8.e4 dxe4
9.dxe4 Be7 10.Qe2 O-O 11.Nd2 Qc7 12.Bg2 Nc5 13.b3 a5 14.Bb2 a4 15.Nc4 Nfd7
16.b4 a3 17.Bxa3 Ne6 18.Bb2 Bxb4 19.Qh5 g6 20.Qh4 Bc5 21.Kh1 Ra4 22.Nd2 Bd4
23.c3 Bb6 24.Nb3 Ndc5 25.Nxc5 Nxc5 26.Bc1 f5 27.Be3 Nxe4 28.Bxb6 Qxb6 29.Qe7 Nxf2+
30.Kh2 Nd3 31.Rab1 Qd8 32.Qe6+ Rf7 33.Rxb7 Qf6 34.Qc8+ Kg7 35.Rfb1 Ra7 36.Rxa7 Rxa7
37.Rb7+ Rxb7 38.Qxb7+ Qf7 39.Bxc6 Qxb7 40.Bxb7 Nc5 41.Bc6 Kf6 42.a4 Ke7 43.a5 Kd6
44.Bb7 Na4 45.c4 Kc7 46.Bd5 g5 47.Kg2 Nc5 48.Kf3 h6 49.Ke3 Kb8 50.Bf7 Kb7
51.Bg6 f4+ 52.gxf4 gxf4+ 53.Kf3 Ka6 54.Kg4 Kxa5 55.Kf5 f3 56.Bh5 e4 57.Kf4 Kb4
58.Bxf3 exf3 59.Kxf3 Ne6 60.Ke4 Kxc4 61.Kf5 Nf8 62.Kf6 Kd5 63.Kg7 h5 64.Kh6 h4
65.Kg5  1/2-1/2

[Event "Amber Blindfold"]
[Site "Monte Carlo MNC"]
[Date "2007.03.28"]
[Round "10"]
[White "Morozevich,A"]
[Black "Carlsen,M"]
[Result "1-0"]
[WhiteElo "2741"]
[BlackElo "2690"]

1.d4 Nf6 2.Nf3 e6 3.c4 b6 4.g3 Ba6 5.Qb3 c6 6.Nc3 d5 7.cxd5 cxd5 8.Bf4 Bc4
9.Qd1 Nc6 10.Nd2 Ba6 11.Qa4 Bb7 12.Nb5 Kd7 13.Bg2 a6 14.Nc3 Bd6 15.Bxd6 Kxd6
16.e4 b5 17.e5+ Kc7 18.Qd1 Nd7 19.Nb3 Rc8 20.Qg4 g5 21.f4 h6 22.O-O Kb8 23.Rad1 Ka8
24.fxg5 hxg5 25.Rxf7 Ndxe5 26.dxe5 Qb6+ 27.Nd4 Nxe5 28.Rxb7 Kxb7 29.Qxe6 Qxe6
30.Nxe6 g4 31.Nf4 Ka7 32.Rxd5 Nf3+ 33.Bxf3 gxf3 34.Rd7+ Kb8 35.h4 b4 36.Ne4 Rc2
37.Rd2 Rhc8 38.Rxc2 Rxc2 39.h5 Rxb2 40.h6 Rb1+ 41.Kh2 Rb2+ 42.Kh3 Rb1 43.Kg4 Rh1
44.Nh3 f2 45.Nexf2  1-0

[Event "Amber Blindfold"]
[Site "Monte Carlo MNC"]
[Date "2007.03.29"]
[Round "11"]
[White "Svidler,P"]
[Black "Morozevich,A"]
[Result "0-1"]
[WhiteElo "2728"]
[BlackElo "2741"]

1.e4 e6 2.d4 d5 3.Nc3 Nf6 4.e5 Nfd7 5.f4 c5 6.Nf3 Nc6 7.Be3 a6 8.Qd2 b5 9.a3 Bb7
10.Bd3 Qc7 11.O-O O-O-O 12.Nd1 cxd4 13.Nxd4 g5 14.Nxc6 Qxc6 15.Bd4 gxf4 16.Qxf4 Rg8
17.Ne3 f6 18.exf6 e5 19.f7 Rxg2+  0-1

[Event "TCh-RUS"]
[Site "Sochi RUS"]
[Date "2007.05.04"]
[Round "3"]
[White "Morozevich,A"]
[Black "Gelfand,B"]
[Result "1/2-1/2"]
[WhiteElo "2762"]
[BlackElo "2733"]

1.e4 e5 2.Nf3 Nf6 3.Nxe5 d6 4.Nf3 Nxe4 5.d4 d5 6.Bd3 Nc6 7.O-O Be7 8.c4 Nb4
9.Be2 O-O 10.Nc3 Bf5 11.a3 Nxc3 12.bxc3 Nc6 13.Re1 Re8 14.Bf4 dxc4 15.Bxc4 Bd6
16.Qd2 Qd7 17.Bxd6 cxd6 18.Nh4 Na5 19.Ba2 Be6 20.d5 Bg4 21.h3 Bh5 22.f4 Bg6
23.Rxe8+ Rxe8 24.Re1 Rxe1+ 25.Qxe1 Bc2 26.Qf2 Be4 27.Qxa7 Qd8 28.Qf2 Qf6
29.Qg3 h6 30.Qe3 Qxh4 31.Qxe4 g5 32.Qe8+ Kg7 33.fxg5 Qxg5 34.Qe1 Qf4 35.h4 Kf8
36.g3 Qf3 37.Kh2 Qd3 38.Bb1 Qxd5 39.Qf2 Nc4 40.Qf6 Qe6 41.Qxe6  1/2-1/2

[Event "TCh-RUS"]
[Site "Sochi RUS"]
[Date "2007.05.10"]
[Round "9"]
[White "Radjabov,T"]
[Black "Morozevich,A"]
[Result "1/2-1/2"]
[WhiteElo "2747"]
[BlackElo "2762"]

1.d4 Nf6 2.c4 e6 3.Nf3 d5 4.Nc3 Nbd7 5.cxd5 exd5 6.Bf4 c6 7.e3 Nh5 8.Bg5 Be7
9.Bxe7 Qxe7 10.Qc2 Nb6 11.Ne5 Nf6 12.Bd3 g6 13.O-O Ng4 14.Nf3 O-O 15.Rab1 Nh6
16.b4 a6 17.Rfe1 Bf5 18.e4 dxe4 19.Nxe4 Rad8 20.a4 Nd5 21.Qd2 Kg7 22.b5 axb5
23.axb5 Bxe4 24.Bxe4 Qf6 25.bxc6 bxc6 26.Ne5 Rfe8 27.g3 Ne7 28.Qxh6+ Kxh6
29.Ng4+ Kg7 30.Nxf6 Kxf6 31.Bxc6 Nxc6 32.Rxe8 Rxe8 33.Rb6 Rc8 34.d5 Ke5 35.dxc6 Kd6
36.Rb7 Ke6 37.Rb6 Kd6 38.g4 Rxc6 39.Rb8 Rc5 40.Rh8 Ke5  1/2-1/2